Condiciones y medio ambiente de trabajo [CYMAT] (Record no. 6458)

MARC details
000 -LEADER
campo de control de longitud fija 01325nmc a2200385 a 4500
003 - IDENTIFICADOR DE NÚMERO DE CONTROL
campo de control AR-BaBNM
005 - FECHA Y HORA DE LA ÚLTIMA TRANSACCIÓN
campo de control 20251128204152.0
008 - DATOS DE LONGITUD FIJA--INFORMACIÓN GENERAL
campo de control de longitud fija 011101s1990 ||||||||||||||000 | spa||
020 ## - NÚMERO INTERNACIONAL ESTÁNDAR DEL LIBRO
Número Internacional Estándar del Libro 950-582-299-5
040 ## - FUENTE DE CATALOGACIÓN
Centro/agencia transcriptor AR-BaBNM
100 1# - ENTRADA PRINCIPAL--NOMBRE DE PERSONA
Nombre de persona Giraudo, Esther Doris
245 10 - MENCIÓN DEL TÍTULO
Título Condiciones y medio ambiente de trabajo [CYMAT]
Resto del título manual de apoyo didáctico : guía para la capacitación
260 ## - PUBLICACIÓN, DISTRIBUCIÓN, ETC.
Lugar de publicación, distribución, etc. Buenos Aires
Nombre del editor, distribuidor, etc. Humanitas
-- SECYT
Fecha de publicación, distribución, etc. 1990
300 0# - DESCRIPCIÓN FÍSICA
Extensión 154 p.
Otros detalles físicos gráfs., tablas
490 #0 - MENCIÓN DE SERIE
Mención de serie Ciencias sociales del trabajo
500 0# - NOTA GENERAL
Nota general CYMAT: CONDICIONES Y MEDIO AMBIENTE DE TRABAJO
500 0# - NOTA GENERAL
Nota general SECYT: AREA DE ESTUDIO E INVESTIGACION EN CIENCIAS SOCIALES DEL TRABAJO
504 ## - NOTA DE BIBLIOGRAFÍA, ETC.
Nota de bibliografía, etc. Nota Contiene: bibliografía y cuadros sinópticos
650 #4 - PUNTO DE ACCESO ADICIONAL DE MATERIA--TÉRMINO DE MATERIA
Término de materia o nombre geográfico como elemento de entrada EDUCACION Y EMPLEO
650 #4 - PUNTO DE ACCESO ADICIONAL DE MATERIA--TÉRMINO DE MATERIA
Término de materia o nombre geográfico como elemento de entrada CONDICIONES DE TRABAJO
650 #4 - PUNTO DE ACCESO ADICIONAL DE MATERIA--TÉRMINO DE MATERIA
Término de materia o nombre geográfico como elemento de entrada MATERIALES DE APOYO
650 #4 - PUNTO DE ACCESO ADICIONAL DE MATERIA--TÉRMINO DE MATERIA
Término de materia o nombre geográfico como elemento de entrada FORMACION PROFESIONAL
650 #4 - PUNTO DE ACCESO ADICIONAL DE MATERIA--TÉRMINO DE MATERIA
Término de materia o nombre geográfico como elemento de entrada MATERIAL DIDACTICO
650 #4 - PUNTO DE ACCESO ADICIONAL DE MATERIA--TÉRMINO DE MATERIA
Término de materia o nombre geográfico como elemento de entrada GUIA DEL DOCENTE
650 #4 - PUNTO DE ACCESO ADICIONAL DE MATERIA--TÉRMINO DE MATERIA
Término de materia o nombre geográfico como elemento de entrada AMBIENTE LABORAL
650 #4 - PUNTO DE ACCESO ADICIONAL DE MATERIA--TÉRMINO DE MATERIA
Término de materia o nombre geográfico como elemento de entrada HIGIENE DEL TRABAJO
650 #4 - PUNTO DE ACCESO ADICIONAL DE MATERIA--TÉRMINO DE MATERIA
Término de materia o nombre geográfico como elemento de entrada SEGURIDAD EN EL TRABAJO
650 #4 - PUNTO DE ACCESO ADICIONAL DE MATERIA--TÉRMINO DE MATERIA
Término de materia o nombre geográfico como elemento de entrada MEDICINA DEL TRABAJO
650 #4 - PUNTO DE ACCESO ADICIONAL DE MATERIA--TÉRMINO DE MATERIA
Término de materia o nombre geográfico como elemento de entrada SALUD
650 #4 - PUNTO DE ACCESO ADICIONAL DE MATERIA--TÉRMINO DE MATERIA
Término de materia o nombre geográfico como elemento de entrada TRABAJO SOCIAL
700 1# - ENTRADA AGREGADA--NOMBRE PERSONAL
Nombre de persona Neffa, Julio César
710 2# - ENTRADA AGREGADA--NOMBRE DE ENTIDAD CORPORATIVA
Nombre de entidad corporativa o nombre de jurisdicción como elemento de entrada Universidad Tecnológica Nacional [Argentina]
Unidad subordinada Facultad Regional General Pacheco
-- Grupo CyMAT
942 ## - ELEMENTOS DE ENTRADA SECUNDARIOS (KOHA)
Tipo de ítem Koha Libros
998 ## - INFORMACIÓN DE CONTROL LOCAL (RLIN)
Iniciales del catalogador, CIN (RLIN) SILVI
Holdings
Estatus retirado Estado de pérdida Fuente de la clasificación o esquema de estantería Estado de daño No para préstamo Biblioteca de origen Biblioteca actual Fecha de adquisición Total de préstamos Signatura topográfica completa Código de barras Visto por última vez Precio de reemplazo Tipo de ítem Koha Restricciones de uso Ubicación en estantería
    Clasificación Decimal Dewey     Liberty Liberty 28/11/2025   377.3 GIR 095694 28/11/2025 28/11/2025 Libros    
    Clasificación Decimal Dewey     Liberty Liberty 28/11/2025   377.3 GIR 095695 28/11/2025 28/11/2025 Libros    
    Clasificación Decimal Dewey     Liberty Liberty 28/11/2025   377.3 GIR 102733 28/11/2025 28/11/2025 Libros    
    Clasificación Decimal Dewey   No para préstamo Liberty Liberty 28/11/2025   377.3 GIR 104973 28/11/2025 28/11/2025 Libros Acceso restringido  
    Clasificación Decimal Dewey   No para préstamo Liberty Liberty 28/11/2025   377.3 GIR 104972 28/11/2025 28/11/2025 Libros Acceso restringido